| 000 | 00374nam a2200145Ia 4500 | ||
|---|---|---|---|
| 008 | 230917s9999||||xx |||||||||||||| ||und|| | ||
| 040 |
_e198721 _aMAIN |
||
| 041 | _aEnglish | ||
| 082 | _a954.8 V548E | ||
| 100 | _aVeluthat, Kesavan | ||
| 245 | 0 | _aEarly medieval in South India | |
| 260 |
_aNew Delhi _bOxford University Press _c2009 |
||
| 300 | _axi, 356 p. | ||
| 942 | _cBK | ||
| 999 |
_c170712 _d170712 |
||